000 00385 a2200109 4500
001 ART_10757
005 20260410161854.0
008 260409a
245 1 0 _aEl derecho como modelador de las decisiones reproductivas y los límites del giro procedimental
100 1 _aBergallo, Paola
773 0 _tDerecho privado
_gBioderecho - Año I, Nº 1 (mayo 2012)
_wREV10455
999 _c25293
_d25293